Gedicht - Herbsttag (Rainer Maria Rilke) - Statistiken

Allgemein
  • Dieses Quiz wurde 24 mal gespielt
  • Das Durchschnittsergebnis liegt bei 41 aus 87
Antwortstatistiken
Antwort % Korrekt
die
100%
die
100%
die
100%
die
100%
den
83%
den
83%
den
83%
den
83%
Der
83%
es
83%
es
83%
her
83%
ist
83%
ist,
83%
und
83%
und
83%
und
83%
und
83%
auf
67%
auf
67%
Wer
67%
Wer
67%
hat
58%
in
58%
in
58%
los.
58%
Sommer
58%
zu
58%
Blätter
50%
groß.
50%
Herr:
50%
hin
50%
hin
50%
lass
50%
Leg
50%
mehr.
50%
war
50%
wird
50%
wird
50%
wird
50%
Zeit.
50%
deinen
42%
Fluren
42%
jetzt
42%
jetzt
42%
kein
42%
Schatten
42%
sehr
42%
sein;
42%
sich
42%
sie
42%
Sonnenuhren,
42%
Winde
42%
allein
33%
baut
33%
bleiben,
33%
Briefe
33%
Haus
33%
keines
33%
lange
33%
lange
33%
schreiben
33%
wachen,
33%
Alleen
25%
ihnen
25%
lesen,
25%
noch
25%
wenn
25%
Befiehl
17%
Früchten
17%
gib
17%
jage
17%
letzte
17%
letzten
17%
schweren
17%
südlichere
17%
Süße
17%
Tage,
17%
treiben.
17%
unruhig
17%
voll
17%
Vollendung
17%
wandern,
17%
Wein.
17%
zur
17%
zwei
17%
dränge
8%
Keine übereinstimmenden Quizze gefunden
Verteilung der Resultate
Anzahl Personen mit jedem Resultat
Perzentil nach korrekt beantworteten Fragen
Ihre Resultats-Entwicklung
Sie haben dieses Quiz noch nicht gespielt